000 00455nam a2200181Ia 4500
008 240925s9999 xx 000 0 und d
020 _aNA
082 _a621.3815 GRO
100 _aGrob, Bernard
245 0 _aElectronic circuits and applications
250 _aNA
260 _aAuckland:
_bMcGraw Hill
_c,1982.
300 _a468p.
_bNA
_fOriginal
500 _aIncludes Index
600 _aElectronic Engineering
650 _aTechnology
942 _cBK
999 _c2545
_d2545